000 00392cam a2200157ua 4500
003 OSt
008 250626b |||||||| |||| 00| 0 eng d
082 _a624.18341
_bKRI/PL
100 _aKrishna, Jai
_97600
245 _aPlain and Reinforced Concrete, Vol- I /
250 _a6 /
260 _a :
_bNem Chand And Bros ,
_c1966.
300 _a628 ; .
700 1 _aJain, O.P .
942 _cBK
999 _c1690
_d1690